First aid kit (Record no. 81968)

MARC details
000 -LEADER
fixed length control field 00690cab a22001935a 4500
001 - CONTROL NUMBER
control field L148818
008 - FIXED-LENGTH DATA ELEMENTS--GENERAL INFORMATION
fixed length control field 091111e20091016xxkeo f 000 0 eng d
035 ## - SYSTEM CONTROL NUMBER
System control number (Sirsi) u148818
041 0# - LANGUAGE CODE
Language code of text/sound track or separate title eng
100 1# - MAIN ENTRY--PERSONAL NAME
Personal name McMeeken, Roxane
245 00 - TITLE STATEMENT
Title First aid kit
260 ## - PUBLICATION, DISTRIBUTION, ETC.
Date of publication, distribution, etc. 2009
490 ## - SERIES STATEMENT
Series statement Building
Volume/sequential designation 274 (8601) 16 October 2009, 44-45 (2)
520 ## - SUMMARY, ETC.
Summary, etc. Presents a fast and cheap housebuilding technique requiring no training entitled NovoHouse. Shows illustrated steps on how to build a Novohouse. Suggests it would be a way to fight homelessness in areas affected by natural disasters.
590 ## - LOCAL NOTE (RLIN)
Local note KA
651 #4 - SUBJECT ADDED ENTRY--GEOGRAPHIC NAME
Geographic name Asia
690 ## - LOCAL SUBJECT ADDED ENTRY--TOPICAL TERM (OCLC, RLIN)
Topical term or geographic name as entry element BUILT ENVIRONMENT-CONSTRUCTION DESIGN
942 ## - ADDED ENTRY ELEMENTS (KOHA)
Suppress in OPAC 0
Holdings
Withdrawn status Lost status Source of classification or shelving scheme Damaged status Not for loan Home library Current library Shelving location Date acquired Total Checkouts Full call number Barcode Date last seen Copy number Price effective from Koha item type
    Dewey Decimal Classification     London London Journal article 11/11/2009   L148818 148818-1001 06/08/2019 1 06/08/2019 Journal article